Loading...
| Current Events | 4 | 10.00 | 100% | 0% | 0% |
| Fine Arts - Classical Music | 7 | 18.57 | 86% | 71% | 29% |
| Fine Arts - Other Fine Arts | 10 | 16.00 | 80% | 50% | 30% |
| Fine Arts - Painting & Sculpture | 6 | 13.33 | 100% | 33% | 0% |
| Geography | 5 | 16.00 | 100% | 60% | 0% |
| History - American History | 10 | 19.00 | 100% | 80% | 20% |
| History - European History | 4 | 15.00 | 100% | 25% | 25% |
| History - Other History | 10 | 21.00 | 100% | 90% | 20% |
| History - World History | 8 | 17.50 | 75% | 63% | 38% |
| Literature - American Literature | 9 | 16.67 | 89% | 44% | 33% |
| Literature - British Literature | 8 | 13.75 | 88% | 38% | 13% |
| Literature - European Literature | 8 | 11.25 | 88% | 25% | 0% |
| Literature - World Literature | 8 | 17.50 | 100% | 75% | 0% |
| Mythology | 2 | 15.00 | 100% | 50% | 0% |
| Other Academic | 4 | 15.00 | 75% | 50% | 25% |
| Philosophy | 7 | 20.00 | 100% | 71% | 29% |
| Religion | 9 | 16.67 | 100% | 56% | 11% |
| Science - Biology | 5 | 12.00 | 80% | 20% | 20% |
| Science - Chemistry | 10 | 17.00 | 100% | 50% | 20% |
| Science - Other Science | 5 | 12.00 | 60% | 40% | 20% |
| Science - Physics | 8 | 12.50 | 88% | 38% | 0% |
| Social Science | 8 | 17.50 | 100% | 63% | 13% |